[Event "Prague op 21st"]
[Site "Prague"]
[Date "2023.01.06"]
[Round "1"]
[White "Baumegger, Siegfried"]
[Black "Smilek, Petr"]
[Result "1-0"]
[WhiteElo "2439"]
[BlackElo "1950"]
[PlyCount "81"]
[EventDate "2023.01.06"]
[EventType "swiss"]
[EventRounds "9"]
[EventCountry "CZE"]
[SourceTitle "CBM 212 Extra"]
[Source "ChessBase"]
[SourceDate "2023.03.31"]
[SourceVersion "1"]
[SourceVersionDate "2023.03.31"]
[SourceQuality "1"]

1. d4 Nf6 2. c4 c5 3. d5 b5 4. Nf3 g6 5. cxb5 a6 6. b6 d6 7. Nc3 Bg7 8. e4 Qxb6 9. Be2 0-0 10. Nd2 Nbd7 11. Nc4 Qa7 12. 0-0 Nb6 13. Ne3 Rb8 14. a4 Nbd7 15. Nc4 Rb4 16. a5 Ne8 17. Na4 Nc7 18. Nab6 Nxb6 19. axb6 Rxb6 20. Nxb6 Qxb6 21. Rb1 e6 22. dxe6 fxe6 23. Be3 a5 24. Qc2 Nb5 25. Bxb5 Qxb5 26. Rfd1 Qb6 27. Qd2 Rd8 28. Ra1 Qb4 29. Rxa5 Qxe4 30. Rxc5 Bb7 31. f3 Qa4 32. Rc7 Bd5 33. Rdc1 Be5 34. b4 Qe8 35. Bd4 Qf8 36. Bxe5 dxe5 37. Qe3 Qd6 38. Qh6 Rd7 39. Rc8+ Rd8 40. R1c7 Qb6+ 41. Kh1 1-0

[Event "CZE-chT2F 1516"]
[Site "Czech Republic"]
[Date "2016.02.21"]
[Round "8.47"]
[White "Smilek, Petr"]
[Black "Kasik, Miroslav1111"]
[Result "0-1"]
[WhiteElo "1985"]
[BlackElo "1930"]
[PlyCount "88"]
[EventDate "2015.10.18"]
[EventType "team-tourn"]
[EventRounds "11"]
[EventCountry "CZE"]
[SourceTitle "EXT 2022"]
[Source "ChessBase"]
[SourceDate "2021.10.06"]
[SourceVersion "1"]
[SourceVersionDate "2021.10.06"]
[SourceQuality "1"]
[WhiteTeam "Vsetin"]
[BlackTeam "Kromeriz Slavia II"]
[WhiteTeamCountry "CZE"]
[BlackTeamCountry "CZE"]

1. e4 Nf6 2. e5 Nd5 3. d4 d6 4. c4 Nb6 5. exd6 exd6 6. Nc3 Nc6 7. Be3 Bf5 8. a3 Be7 9. Nf3 0-0 10. Bd3 Qd7 11. 0-0 Bf6 12. b4 d5 13. c5 Nc4 14. Re1 Rfe8 15. Qc2 Nxe3 16. Rxe3 Rxe3 17. fxe3 Bg6 18. Re1 Re8 19. Qd2 a6 20. Ne2 Be4 21. Bxe4 dxe4 22. Ng3 exf3 23. gxf3 Bh4 24. Kg2 f5 25. Re2 f4 26. d5 fxe3 27. Rxe3 Rxe3 28. Qxe3 Qe7 29. Qb3 Na7 30. Ne4 Qf7 31. Qd3 Qg6+ 32. Kh3 Bd8 33. d6 Qe6+ 34. Kg2 cxd6 35. Nxd6 b5 36. f4 Qg6+ 37. Qxg6 hxg6 38. Kf3 Bc7 39. Ne4 Kf7 40. Ng5+ Kf6 41. Ke4 Nc6 42. Nh7+ Ke7 43. h3 a5 44. Kd5 axb4 0-1

[Event "Vsetin op 40th"]
[Site "Vsetin"]
[Date "2015.07.11"]
[Round "9"]
[White "Smilek, Petr"]
[Black "Mudrak, Josef"]
[Result "0-1"]
[WhiteElo "1957"]
[BlackElo "2321"]
[PlyCount "86"]
[EventDate "2015.07.04"]
[EventType "swiss"]
[EventRounds "9"]
[EventCountry "CZE"]
[SourceTitle "CBM 167 Extra"]
[Source "ChessBase"]
[SourceDate "2015.09.14"]
[SourceVersion "1"]
[SourceVersionDate "2015.09.14"]
[SourceQuality "1"]

1. d4 Nf6 2. c4 d6 3. Nc3 Nbd7 4. Nf3 e5 5. e3 c6 6. Be2 Be7 7. 0-0 0-0 8. dxe5 dxe5 9. b3 Qc7 10. Qc2 Re8 11. Rd1 a5 12. Bb2 Bf8 13. Ng5 Nc5 14. Nce4 Ncxe4 15. Nxe4 Nxe4 16. Qxe4 g6 17. Qc2 Bc5 18. Rd2 Qe7 19. Rad1 h5 20. a4 Qg5 21. Qe4 Bf5 22. Qf3 Bb4 23. Rd7 e4 24. Qg3 Qxg3 25. hxg3 Bxd7 26. Rxd7 Rad8 27. Rxd8 Rxd8 28. Bd4 c5 29. Be5 Kf8 30. g4 hxg4 31. Bxg4 Ke7 32. Bc7 Re8 33. Kh2 f5 34. Be2 Kd7 35. Bf4 Bc3 36. g4 Ke6 37. Kg3 Be5 38. Bxe5 Kxe5 39. f4+ exf3 40. Bxf3 b6 41. Kh4 Rd8 42. Bd5 Rxd5 43. cxd5 Kxd5 0-1

[Event "Vsetin op 40th"]
[Site "Vsetin"]
[Date "2015.07.09"]
[Round "7"]
[White "Smilek, Petr"]
[Black "Pycha, Patrik"]
[Result "1-0"]
[WhiteElo "1957"]
[BlackElo "2049"]
[PlyCount "79"]
[EventDate "2015.07.04"]
[EventType "swiss"]
[EventRounds "9"]
[EventCountry "CZE"]
[SourceTitle "CBM 167 Extra"]
[Source "ChessBase"]
[SourceDate "2015.09.14"]
[SourceVersion "1"]
[SourceVersionDate "2015.09.14"]
[SourceQuality "1"]

1. e4 e6 2. d4 d5 3. Nc3 Bb4 4. e5 c5 5. Bd2 Ne7 6. Nb5 Bxd2+ 7. Qxd2 0-0 8. f4 cxd4 9. Nf3 Nbc6 10. Nbxd4 Qb6 11. c3 Bd7 12. Bd3 Nxd4 13. Nxd4 Nc6 14. Nf3 Ne7 15. Qf2 Qxf2+ 16. Kxf2 Rac8 17. Nd4 a6 18. Ke3 Rc5 19. Rhf1 Bb5 20. Bxb5 axb5 21. a3 Nc6 22. Nxc6 Rxc6 23. Rad1 Rfc8 24. Rd4 Rc4 25. Rfd1 Kf8 26. R1d3 Ke7 27. Kd2 Rxd4 28. Rxd4 Rc4 29. Kd3 g6 30. g3 h5 31. b3 Rxd4+ 32. Kxd4 b6 33. c4 dxc4 34. bxc4 bxc4 35. Kxc4 Kd7 36. Kb5 Kc7 37. Ka6 Kc6 38. a4 Kc7 39. Ka7 Kc6 40. Kb8 1-0

[Event "CZE-chT2F 1415"]
[Site "Czech Republic"]
[Date "2015.02.08"]
[Round "7.48"]
[White "Kantor, Pavel"]
[Black "Smilek, Petr"]
[Result "0-1"]
[WhiteElo "1815"]
[BlackElo "1980"]
[PlyCount "88"]
[EventDate "2014.11.02"]
[EventType "team-tourn"]
[EventRounds "11"]
[EventCountry "CZE"]
[SourceTitle "EXT 2022"]
[Source "ChessBase"]
[SourceDate "2021.10.06"]
[SourceVersion "1"]
[SourceVersionDate "2021.10.06"]
[SourceQuality "1"]
[WhiteTeam "Mosty u Jablunkova"]
[BlackTeam "Vsetin"]
[WhiteTeamCountry "CZE"]
[BlackTeamCountry "CZE"]

1. d4 Nf6 2. c4 g6 3. Nc3 Bg7 4. e4 d6 5. f3 c6 6. Bd3 a6 7. a4 a5 8. Nge2 Na6 9. 0-0 Nb4 10. Bb1 d5 11. e5 Nd7 12. c5 b6 13. cxb6 Qxb6 14. Kh1 e6 15. f4 Ba6 16. Re1 0-0 17. Be3 Rfc8 18. g4 Qb7 19. Ng3 c5 20. Qd2 cxd4 21. Bxd4 Nc5 22. Bxc5 Rxc5 23. Nce2 Rac8 24. Nd4 Bh6 25. h4 Rc4 26. Nge2 Qe7 27. g5 Bf8 28. Nc3 Qa7 29. Ndb5 Qb6 30. Bd3 Nxd3 31. Qxd3 Rxf4 32. Qg3 Qf2 33. Qxf2 Rxf2 34. Rf1 Rxb2 35. Rf3 d4 36. Ne4 Bxb5 37. axb5 Rxb5 38. Nf6+ Kg7 39. h5 Rxe5 40. Rg1 Rf5 41. Rh3 Rxf6 42. gxf6+ Kxf6 43. hxg6 hxg6 44. Rh7 Rc5 0-1

[Event "Valasska Bystrice op"]
[Site "Valasska Bystrice"]
[Date "2014.09.16"]
[Round "5"]
[White "Juricek, Stanislav"]
[Black "Smilek, Petr"]
[Result "1/2-1/2"]
[WhiteElo "2122"]
[BlackElo "1961"]
[PlyCount "50"]
[EventDate "2014.09.13"]
[EventType "swiss"]
[EventRounds "9"]
[EventCountry "CZE"]
[SourceTitle "CBM 162 Extra"]
[Source "ChessBase"]
[SourceDate "2014.10.17"]
[SourceVersion "1"]
[SourceVersionDate "2014.10.17"]
[SourceQuality "1"]

1. e4 c5 2. Nf3 g6 3. d4 cxd4 4. Nxd4 Nc6 5. Nc3 Bg7 6. Be3 Nf6 7. Bc4 Qa5 8. 0-0 0-0 9. Bb3 d6 10. h3 Bd7 11. Re1 Qh5 12. Qxh5 Nxh5 13. Rad1 Rfc8 14. Nd5 Kf8 15. g4 Nf6 16. Nxf6 Bxf6 17. c3 Na5 18. Nc2 Nxb3 19. axb3 Be6 20. b4 a5 21. Rd2 a4 22. Kg2 b5 23. Bd4 Bg5 24. Be3 Bf6 25. Bd4 Bg5 1/2-1/2

[Event "Valasska Bystrice op"]
[Site "Valasska Bystrice"]
[Date "2014.09.14"]
[Round "2"]
[White "Smilek, Petr"]
[Black "Divis, Jan"]
[Result "1/2-1/2"]
[WhiteElo "1961"]
[BlackElo "1687"]
[PlyCount "121"]
[EventDate "2014.09.13"]
[EventType "swiss"]
[EventRounds "9"]
[EventCountry "CZE"]
[SourceTitle "CBM 162 Extra"]
[Source "ChessBase"]
[SourceDate "2014.10.17"]
[SourceVersion "1"]
[SourceVersionDate "2014.10.17"]
[SourceQuality "1"]

1. e4 d5 2. exd5 Qxd5 3. Nc3 Qa5 4. Nf3 Nf6 5. Be2 c6 6. 0-0 Bg4 7. b4 Qc7 8. Rb1 a6 9. a4 e6 10. Re1 Bd6 11. h3 Bxf3 12. Bxf3 0-0 13. Ne4 Nxe4 14. Rxe4 Nd7 15. Bb2 Be5 16. Bxe5 Nxe5 17. Rb3 Nxf3+ 18. Rxf3 Rad8 19. Qe2 Qd7 20. d4 Qd6 21. c3 b5 22. a5 Qc7 23. Rh4 Qe7 24. Rh5 Rd5 25. Re5 Rxe5 26. Qxe5 Rd8 27. Rg3 g6 28. Re3 Qd6 29. Qf6 Qf8 30. h4 Rd5 31. Re5 Rxe5 32. Qxe5 Qh6 33. Qg3 Qc1+ 34. Kh2 h5 35. Qf3 g5 36. Qg3 g4 37. Qb8+ Kh7 38. Qc7 Kg6 39. Qg3 f5 40. Qe5 Qxc3 41. Qxe6+ Kg7 42. Qe7+ Kg8 43. Qg5+ Kf7 44. Qxf5+ Ke7 45. Qh7+ Kd8 46. Qg8+ Kc7 47. Qf7+ Kc8 48. Qe8+ Kc7 49. Qe7+ Kc8 50. Qc5 Qc4 51. Kg3 Qd3+ 52. Kh2 Qc4 53. Qb6 Kd7 54. Qxa6 Qxd4 55. Qb7+ Kd8 56. Qb8+ Kd7 57. a6 Qxf2 58. Qg3 Qxg3+ 59. Kxg3 Kc7 60. Kf4 Kb6 61. Ke5 1/2-1/2

[Event "Plzen op"]
[Site "Plzen"]
[Date "2012.08.24"]
[Round "8"]
[White "Haba, Zdenek"]
[Black "Smilek, Petr"]
[Result "1-0"]
[WhiteElo "2236"]
[BlackElo "1991"]
[PlyCount "133"]
[EventDate "2012.08.18"]
[EventType "swiss"]
[EventRounds "9"]
[EventCountry "CZE"]
[SourceTitle "CBM 150 Extra"]
[Source "ChessBase"]
[SourceDate "2012.10.19"]
[SourceVersion "1"]
[SourceVersionDate "2012.10.19"]
[SourceQuality "1"]

1. d4 Nf6 2. c4 g6 3. Nc3 Bg7 4. e4 d6 5. f3 c6 6. Bg5 a6 7. a4 a5 8. Qd2 Na6 9. Nge2 0-0 10. Rd1 Nb4 11. Nc1 Be6 12. d5 cxd5 13. cxd5 Bd7 14. Nb3 Qb6 15. Bb5 Bxb5 16. Nxb5 Rfc8 17. N3d4 Rc4 18. Be3 Nd7 19. 0-0 Qd8 20. b3 Rcc8 21. Rb1 Nc5 22. Rfc1 Ncd3 23. Rc3 Rxc3 24. Nxc3 Rc8 25. Nce2 Qc7 26. Rd1 h5 27. Nb5 Qd8 28. Na3 Nc5 29. Bxc5 Rxc5 30. Nc4 Qa8 31. Nd4 Qa7 32. Kf1 Qa8 33. Nb5 Qd8 34. Rc1 Kh7 35. Rd1 Bh6 36. Qf2 Bg7 37. e5 Rxd5 38. Rxd5 Nxd5 39. exd6 exd6 40. Nbxd6 Qf6 41. Ne8 Qa1+ 42. Qe1 Qxe1+ 43. Kxe1 Bc3+ 44. Kd1 b6 45. g3 Bd4 46. Ke2 f5 47. Ned6 f4 48. g4 hxg4 49. fxg4 Ne3 50. Nxe3 Bxe3 51. Nc4 Bc5 52. g5 Kg7 53. Kf3 Kf7 54. Kxf4 Ke6 55. Ke4 Bg1 56. h3 Kf7 57. Kd5 Bf2 58. Kd6 Bh4 59. Nxb6 Bxg5 60. Nc4 Be7+ 61. Kc6 Bb4 62. Kb5 Be1 63. Nxa5 g5 64. Nc4 Kg6 65. a5 Kh5 66. a6 Bf2 67. Nb6 1-0